<?xml version="1.0" encoding="UTF-8"?><?xml-stylesheet type="text/xsl" href="static/style.xsl"?><OAI-PMH xmlns="http://www.openarchives.org/OAI/2.0/" xmlns:xsi="http://www.w3.org/2001/XMLSchema-instance" xsi:schemaLocation="http://www.openarchives.org/OAI/2.0/ http://www.openarchives.org/OAI/2.0/OAI-PMH.xsd"><responseDate>2026-04-17T22:51:32Z</responseDate><request verb="GetRecord" identifier="oai:www.recercat.cat:2072/381116" metadataPrefix="marc">https://recercat.cat/oai/request</request><GetRecord><record><header><identifier>oai:recercat.cat:2072/381116</identifier><datestamp>2026-02-23T01:01:26Z</datestamp><setSpec>com_2072_98</setSpec><setSpec>col_2072_378192</setSpec></header><metadata><record xmlns="http://www.loc.gov/MARC21/slim" xmlns:dcterms="http://purl.org/dc/terms/" xmlns:xsi="http://www.w3.org/2001/XMLSchema-instance" xmlns:doc="http://www.lyncode.com/xoai" xsi:schemaLocation="http://www.loc.gov/MARC21/slim http://www.loc.gov/standards/marcxml/schema/MARC21slim.xsd">
   <leader>00925njm 22002777a 4500</leader>
   <datafield ind2=" " ind1=" " tag="042">
      <subfield code="a">dc</subfield>
   </datafield>
   <datafield ind2=" " ind1=" " tag="720">
      <subfield code="a">Spink, Peter</subfield>
      <subfield code="e">author</subfield>
   </datafield>
   <datafield ind2=" " ind1=" " tag="260">
      <subfield code="c">2005</subfield>
   </datafield>
   <datafield ind2=" " ind1=" " tag="520">
      <subfield code="a">La narrativa dominante en gran parte de las investigaciones en psicología es aquella donde se considera la ciencia empírica como un programa de actividades muy especial, teniendo como fin lo que Richard Rorty llamó de "la verdad redentora". Es decir un "conjunto de creencias que terminarían, por siempre, con el proceso de reflexión acerca de que hacer con nosotros mismos" (200) p.2); una creencia de que hay algo "por detrás de la apariencia, la única y verdadera descripción de todo lo que pasa, el secreto final" (2000 p.2). Por presumir que llevan las esperanzas futuras de la humanidad en sus hombros, los científicos se consideran gente especial; cuidadosamente preparados y capacitados, que cumplen con sus deberes en maneras igualmente especiales. Las mensuraciones deben hacerse con cuidado, las observaciones deben ser objetivas y los procedimientos correctos se hacen necesarios para evitar la contaminación de lo observado por el observador. Aunque la orientación de la ciencia empírica es mas fuerte en la psicología experimental, la hegemonía ejercida por esta orientación es muy grande en las demás áreas - incluyendo la psicología social. En la investigación cualitativa, es necesario demostrar que las personas han sido capacitadas para hacer las entrevistas abiertas, que las conversaciones son correctamente registradas (cuando no, grabadas) y que hay métodos rigurosos de análisis. Los métodos cualitativos necesitan de "triangulación"para demostrar la validez de sus conclusiones.</subfield>
   </datafield>
   <datafield tag="653" ind2=" " ind1=" ">
      <subfield code="a">Coneixement</subfield>
   </datafield>
   <datafield tag="653" ind2=" " ind1=" ">
      <subfield code="a">Teoria de camp de Lewin</subfield>
   </datafield>
   <datafield tag="653" ind2=" " ind1=" ">
      <subfield code="a">Investigació sòcio-psicològica</subfield>
   </datafield>
   <datafield tag="653" ind2=" " ind1=" ">
      <subfield code="a">Investigació-acció</subfield>
   </datafield>
   <datafield tag="653" ind2=" " ind1=" ">
      <subfield code="a">Conocimiento</subfield>
   </datafield>
   <datafield tag="653" ind2=" " ind1=" ">
      <subfield code="a">Teoría de campo de Lewin</subfield>
   </datafield>
   <datafield tag="653" ind2=" " ind1=" ">
      <subfield code="a">Investigación socio-psicológica</subfield>
   </datafield>
   <datafield tag="653" ind2=" " ind1=" ">
      <subfield code="a">Investigación-acción</subfield>
   </datafield>
   <datafield tag="653" ind2=" " ind1=" ">
      <subfield code="a">Knowledge</subfield>
   </datafield>
   <datafield tag="653" ind2=" " ind1=" ">
      <subfield code="a">Lewin Field Theory</subfield>
   </datafield>
   <datafield tag="653" ind2=" " ind1=" ">
      <subfield code="a">Socio-psychological research</subfield>
   </datafield>
   <datafield tag="653" ind2=" " ind1=" ">
      <subfield code="a">Action Research</subfield>
   </datafield>
   <datafield ind2="0" ind1="0" tag="245">
      <subfield code="a">Replanteando la investigación de campo : relatos y lugares</subfield>
   </datafield>
</record></metadata></record></GetRecord></OAI-PMH>